[Event "C.to Mondiale U20"]
[Site "Cochin IND"]
[Date "2004.11.22"]
[Round "6"]
[White "Tomba, Ivan"]
[Black "Soon, Wai Cheong"]
[Result "0-1"]
[WhiteElo "2235"]
[BlackElo "2048"]
[PlyCount "66"]
[EventDate "2004.11.20"]

1. e4 c5 2. Nf3 d6 3. d4 cxd4 4. Nxd4 Nf6 5. Nc3 Bd7 6. Bg5 Nc6 7. Bc4 e6 8.
O-O a6 9. Re1 Be7 10. Qd2 O-O 11. a4 Rc8 12. Nxc6 Bxc6 13. Bf1 Qc7 14. f3 Rfd8
15. Kh1 Nh5 16. Be3 d5 17. exd5 Bxd5 18. Qf2 Qc6 19. Nxd5 Qxd5 20. Bd3 Nf6 21.
Rad1 Qh5 22. c3 Nd5 23. g4 Qe5 24. Bd4 Qf4 25. Qg3 Qh6 26. Be4 Bh4 27. Qe5 Bg5
28. Bf2 Nf4 29. Bxb7 Qh3 30. Rg1 f6 31. Qe1 Rb8 32. Be4 Rxb2 33. Qf1 Rdd2 0-1

[Event "C.to Mondiale U20"]
[Site "Cochin IND"]
[Date "2004.11.23"]
[Round "7"]
[White "Buchicchio, Giampaolo"]
[Black "Moradiabadi, Elshan"]
[Result "0-1"]
[WhiteElo "2315"]
[BlackElo "2445"]
[PlyCount "50"]
[EventDate "2004.11.20"]

1. e4 c5 2. c3 d6 3. d4 Nf6 4. dxc5 Nc6 5. f3 d5 6. exd5 Nxd5 7. Bc4 e6 8. Bxd5
exd5 9. Be3 Qh4+ 10. g3 Qf6 11. Na3 Be6 12. Nb5 O-O-O 13. Qe2 Bf5 14. Nd4 Bxc5
15. O-O-O Rhe8 16. Qf2 Bg6 17. b4 Bxd4 18. Bxd4 Nxd4 19. Qxd4 Qxd4 20. Rxd4
Re1+ 21. Kd2 Ra1 22. h4 Re8 23. h5 Rxa2+ 24. Kd1 Bc2+ 25. Kd2 Ba4+ 0-1

[Event "C.to Mondiale U20"]
[Site "Cochin IND"]
[Date "2004.11.23"]
[Round "7"]
[White "Mishra, Soumyaranjan"]
[Black "Braschi, Giancarlo"]
[Result "0-1"]
[WhiteElo "2299"]
[BlackElo "2172"]
[PlyCount "43"]
[EventDate "2004.11.20"]

1. e4 c5 2. Nf3 Nc6 3. Bb5 Qb6 4. Nc3 e6 5. O-O Nge7 6. Re1 Nd4 7. a4 Nec6 8.
Bxc6 Qxc6 9. Nd5 Qd6 10. Ne3 Be7 11. b3 Qc6 12. Nxd4 cxd4 13. Nd5 exd5 14. exd5
Qxd5 15. Qe2 Qe6 16. Ba3 Qxe2 17. Rxe2 d6 18. Rae1 Be6 19. f4 g6 20. g4 Bh4 21.
Kf1 O-O-O 22. h3 0-1

[Event "C.to Mondiale U20"]
[Site "Cochin IND"]
[Date "2004.11.24"]
[Round "8"]
[White "Ashwath, R."]
[Black "Tomba, Ivan"]
[Result "1-0"]
[WhiteElo "2124"]
[BlackElo "2235"]
[PlyCount "111"]
[EventDate "2004.11.20"]

1. d4 d5 2. c4 c6 3. Nf3 Nf6 4. Nc3 a6 5. cxd5 cxd5 6. Bf4 Nc6 7. e3 Bg4 8. Be2
e6 9. Qb3 Bxf3 10. Bxf3 Na5 11. Qc2 Rc8 12. O-O Be7 13. Qe2 O-O 14. Rfd1 Bb4
15. Na4 b5 16. Nc5 Rc6 17. Nd3 Bd6 18. Rac1 Bxf4 19. exf4 Qd6 20. Ne5 Rc7 21.
Qe1 Rfc8 22. Rxc7 Qxc7 23. Nd3 Nc6 24. Rc1 Qb8 25. Qe3 Ne7 26. Nc5 a5 27. g3
Rc6 28. Kg2 h6 29. Qa3 Qc7 30. b4 axb4 31. Qxb4 Nf5 32. Be2 Qb6 33. Bxb5 Rc7
34. a4 Ne4 35. Nd7 Rxd7 36. Rc8+ Rd8 37. a5 Qxa5 38. Qxa5 Rxc8 39. Bd3 Nfd6 40.
Qa6 Rc3 41. f3 Rxd3 42. Qxd3 Nf6 43. Kf2 Nf5 44. Qb5 Kh7 45. g4 Nd6 46. Qb8 Nc4
47. Qe8 Nd6 48. Qc6 Nc4 49. Qe8 Nd6 50. Qc6 Nc4 51. Kg3 h5 52. h3 Ne3 53. Qc7
Nc4 54. Qb8 Nd7 55. Qd8 Nf6 56. Qc7 1-0

[Event "C.to Mondiale U20"]
[Site "Cochin IND"]
[Date "2004.11.24"]
[Round "8"]
[White "Nadj Hedjesi, Balind"]
[Black "Braschi, Giancarlo"]
[Result "1-0"]
[WhiteElo "2337"]
[BlackElo "2172"]
[PlyCount "71"]
[EventDate "2004.11.20"]

1. e4 c5 2. Nc3 Nc6 3. Bb5 Nd4 4. Bc4 g6 5. Nf3 Bg7 6. Nxd4 cxd4 7. Qf3 Nf6 8.
Ne2 O-O 9. Nxd4 d5 10. exd5 e5 11. Ne2 b5 12. Bxb5 Nxd5 13. Bc6 Nb4 14. O-O
Nxc2 15. Bxa8 Nxa1 16. Bb7 Bxb7 17. Qxb7 Qd3 18. Nc3 Nc2 19. b3 f5 20. Qxa7 e4
21. Qc5 Bd4 22. Qb5 Rd8 23. Qxd3 exd3 24. Nb5 Bf6 25. a4 Rb8 26. Kh1 Kg7 27. g3
Na1 28. Ba3 Nxb3 29. Bb4 Ra8 30. Rb1 Nd4 31. Nc7 Rxa4 32. Bc3 Be5 33. Nd5 Nf3
34. Kg2 Nd4 35. f4 Bd6 36. Nb6 1-0

[Event "C.to Mondiale U20"]
[Site "Cochin IND"]
[Date "2004.11.24"]
[Round "8"]
[White "Swaraj, Palit"]
[Black "Buchicchio, Giampaolo"]
[Result "0-1"]
[WhiteElo "2172"]
[BlackElo "2315"]
[PlyCount "66"]
[EventDate "2004.11.20"]

1. d4 d5 2. Nf3 Nf6 3. e3 c6 4. Bd3 g6 5. Nbd2 Bg7 6. O-O O-O 7. h3 Nbd7 8. b3
c5 9. Bb2 b6 10. Ne5 Bb7 11. f4 Qc7 12. Qe2 Rad8 13. Rf2 Ne8 14. Raf1 Nd6 15.
f5 Nf6 16. fxg6 fxg6 17. Nxg6 c4 18. Nxf8 cxd3 19. cxd3 Rxf8 20. Rc1 Qd7 21.
Nf3 Nf7 22. Ne5 Qd6 23. Qe1 Ne8 24. Qf1 Qe6 25. Rcc2 Bf6 26. Rce2 Ned6 27. Rc2
Ne8 28. Rce2 Ned6 29. Rc2 Kh8 30. Rc7 Rg8 31. Rxb7 Nxb7 32. Nxf7+ Qxf7 33. Rxf6
Nd6 0-1

[Event "C.to Mondiale U20"]
[Site "Cochin IND"]
[Date "2004.11.25"]
[Round "9"]
[White "Braschi, Giancarlo"]
[Black "Hasan Parag, Mehdi"]
[Result "0-1"]
[WhiteElo "2172"]
[BlackElo "2251"]
[PlyCount "44"]
[EventDate "2004.11.20"]

1. d4 d5 2. c4 c6 3. Nf3 Nf6 4. Nc3 dxc4 5. a4 Bf5 6. Nh4 Bg6 7. Nxg6 hxg6 8.
e3 e6 9. Bxc4 Nbd7 10. Qe2 Bb4 11. O-O Qa5 12. e4 e5 13. f4 exd4 14. e5 dxc3
15. exf6+ Kf8 16. bxc3 Bxc3 17. Ra3 Bd4+ 18. Be3 Qc5 19. Kh1 Re8 20. Bxd4 Qxd4
21. Qa2 Nxf6 22. Bxf7 Qxf4 0-1

[Event "C.to Mondiale U20"]
[Site "Cochin IND"]
[Date "2004.11.25"]
[Round "9"]
[White "Buchicchio, Giampaolo"]
[Black "Deepan, Chakkravarthy J."]
[Result "0-1"]
[WhiteElo "2315"]
[BlackElo "2396"]
[PlyCount "50"]
[EventDate "2004.11.20"]

1. e4 e5 2. Nf3 Nc6 3. d4 exd4 4. Nxd4 Bc5 5. Be3 Qf6 6. Nb5 Bxe3 7. fxe3 Qd8
8. Qg4 Nf6 9. Qxg7 Rg8 10. Qh6 Rg6 11. Qf4 d6 12. h3 a6 13. N5c3 Nh5 14. Qf2
Rf6 15. Qd2 Ng3 16. Rg1 Be6 17. Nd5 Nxe4 18. Qd3 Bxd5 19. Qxd5 Re6 20. Na3 Re5
21. Qd3 Qg5 22. O-O-O Nf2 23. Qxh7 Qxe3+ 24. Kb1 Nxd1 25. Nc4 Nc3+ 0-1

[Event "C.to Mondiale U20"]
[Site "Cochin IND"]
[Date "2004.11.25"]
[Round "9"]
[White "Phanikanth, J.S.S."]
[Black "Tomba, Ivan"]
[Result "0-1"]
[WhiteElo "1985"]
[BlackElo "2235"]
[PlyCount "112"]
[EventDate "2004.11.20"]

1. d4 d5 2. c4 c6 3. cxd5 cxd5 4. Nc3 Nf6 5. Bf4 Nc6 6. e3 a6 7. Nf3 Bg4 8. Be2
e6 9. O-O Be7 10. Ne5 Bxe2 11. Qxe2 Rc8 12. Rac1 O-O 13. Rc2 Qa5 14. Nxc6 Rxc6
15. Rfc1 Rfc8 16. Bg5 Qc7 17. Bf4 Qa5 18. Bg5 h6 19. Bxf6 Bxf6 20. h3 Qc7 21.
a4 Be7 22. Qd3 Bb4 23. g3 Rc4 24. Kg2 Ba5 25. Qd1 Qc6 26. Rb1 Rc7 27. Rcc1 Bxc3
28. Rxc3 Rxc3 29. bxc3 Qxc3 30. Rb3 Qc2 31. Qxc2 Rxc2 32. Rxb7 Ra2 33. Kf3 Rxa4
34. Ra7 g5 35. Rb7 Kg7 36. Ra7 Kg6 37. Ra8 a5 38. Rg8+ Kh7 39. Rb8 Kg7 40. Ra8
Ra2 41. Ra7 a4 42. Ra6 a3 43. Ra8 Ra1 44. Ra7 h5 45. Ra4 Kg6 46. Ra8 Ra2 47.
Rg8+ Kf6 48. Rh8 g4+ 49. hxg4 hxg4+ 50. Kg2 Rb2 51. Ra8 a2 52. Ra7 Rc2 53. Ra8
Kf5 54. Ra7 Ke4 55. Ra3 Rb2 56. Ra7 Kd3 0-1

[Event "C.to Mondiale U20"]
[Site "Cochin IND"]
[Date "2004.11.26"]
[Round "10"]
[White "Navin, Kanna T.U."]
[Black "Braschi, Giancarlo"]
[Result "1-0"]
[WhiteElo "2058"]
[BlackElo "2172"]
[PlyCount "172"]
[EventDate "2004.11.20"]

1. b4 c6 2. Bb2 Qb6 3. a3 a5 4. e3 axb4 5. Bd4 Qc7 6. axb4 Rxa1 7. Bxa1 e5 8.
b5 d6 9. Nc3 Nf6 10. Nf3 Be7 11. Be2 Nbd7 12. O-O O-O 13. Bb2 Re8 14. Qa1 d5
15. Na4 Bd6 16. h3 cxb5 17. Bxb5 Qxc2 18. Nxe5 Nxe5 19. Bxe8 Nf3+ 20. Kh1 Qg6
21. Bxf6 gxf6 22. Nb6 Nh4 23. Rg1 Be6 24. Bd7 Nf5 25. Qe1 Bc7 26. Bxe6 fxe6 27.
Na4 b6 28. Nc3 Kf7 29. Nb5 Bb8 30. Nd4 Nd6 31. Rf1 Ne4 32. d3 Nc5 33. Qb1 Bc7
34. Nb5 Bb8 35. Rd1 Qf5 36. Kg1 Qe5 37. g3 Qf5 38. Kg2 h5 39. Nd4 Qe5 40. Nc6
Qc7 41. Nxb8 Qxb8 42. Rc1 Qa8 43. d4 Ne4 44. Rc7+ Kg6 45. f3 Qa5 46. Qc2 Qd2+
47. Qxd2 Nxd2 48. Kf2 Nc4 49. Rb7 Kf5 50. Rh7 Kg6 51. Rb7 Kf5 52. Ke2 e5 53.
Rg7 b5 54. Rb7 Na3 55. Rb6 Kg5 56. dxe5 fxe5 57. e4 dxe4 58. fxe4 h4 59. Kf3
Nc2 60. gxh4+ Kxh4 61. Rh6+ Kg5 62. Rb6 Nd4+ 63. Kg3 Ne2+ 64. Kf2 Nd4 65. Ke3
b4 66. Kd3 b3 67. Rb8 Kh4 68. Rh8+ Kg3 69. h4 b2 70. Rb8 Kxh4 71. Rxb2 Kg5 72.
Rf2 Ne6 73. Rf5+ Kg6 74. Rxe5 Kf6 75. Rf5+ Ke7 76. Ra5 Kd6 77. e5+ Ke7 78. Ra7+
Ke8 79. Ke4 Nc5+ 80. Kd5 Nd7 81. Ke6 Nc5+ 82. Kd6 Ne4+ 83. Kd5 Nc3+ 84. Ke6 Kd8
85. Ra8+ Kc7 86. Kf7 Ne4 1-0

[Event "C.to Mondiale U20"]
[Site "Cochin IND"]
[Date "2004.11.26"]
[Round "10"]
[White "Tomba, Ivan"]
[Black "Raghuram, Balaji C.V."]
[Result "1-0"]
[WhiteElo "2235"]
[BlackElo "2043"]
[PlyCount "87"]
[EventDate "2004.11.20"]

1. e4 c6 2. d4 d5 3. Nc3 dxe4 4. Nxe4 Bf5 5. Ng3 Bg6 6. h4 h6 7. Nf3 Nd7 8. h5
Bh7 9. Bd3 Bxd3 10. Qxd3 Qc7 11. Bd2 e6 12. O-O-O O-O-O 13. Ne4 Ngf6 14. g3
Nxe4 15. Qxe4 Bd6 16. Kb1 Nf6 17. Qe2 Rhe8 18. c4 c5 19. Bc3 cxd4 20. Nxd4 a6
21. Nb3 Qc6 22. Rh4 Bc7 23. Re1 Kb8 24. Nd4 Qd7 25. Nf3 Ka8 26. Ne5 Bxe5 27.
Bxe5 Qd3+ 28. Qxd3 Rxd3 29. Bxf6 gxf6 30. Rf4 Rc8 31. Rxf6 Rxc4 32. Rc1 Re4 33.
b3 Rd5 34. Rxh6 Rd2 35. Rc2 Rxc2 36. Kxc2 Re2+ 37. Kd3 Rxf2 38. Ke3 Rxa2 39.
Rf6 Rg2 40. Kf3 Rg1 41. Kg4 Kb8 42. Rxf7 Kc8 43. h6 Rh1 44. h7 1-0

[Event "C.to Mondiale U20"]
[Site "Cochin IND"]
[Date "2004.11.26"]
[Round "10"]
[White "Vaidya Chaitanya, Nandkishore"]
[Black "Buchicchio, Giampaolo"]
[Result "1-0"]
[WhiteElo "2184"]
[BlackElo "2315"]
[PlyCount "81"]
[EventDate "2004.11.20"]

1. d4 d5 2. c4 c6 3. Nf3 Nf6 4. Nc3 a6 5. c5 Nbd7 6. Bf4 Nh5 7. Bd2 Nhf6 8. Bf4
Nh5 9. Bd2 g6 10. e4 dxe4 11. Nxe4 Ndf6 12. Nxf6+ Nxf6 13. Bc4 Bg7 14. Qb3 O-O
15. O-O Nd5 16. Rfe1 e6 17. Rad1 Qc7 18. Bg5 h6 19. Bd2 Kh7 20. Re4 Rh8 21.
Rde1 Bd7 22. Bxd5 cxd5 23. Bf4 Qc6 24. R4e3 Qb5 25. Qc2 Be8 26. h4 Kg8 27. Ne5
Rc8 28. Qd2 a5 29. Rb3 Qa6 30. Rb6 Qa7 31. Qe2 Rd8 32. Qe3 a4 33. Ng4 h5 34.
Bg5 Ra8 35. Nf6+ Kf8 36. Qg3 Bxf6 37. Bxf6 Rh7 38. Qc7 Qa5 39. Rexe6 Bc6 40.
Rbxc6 bxc6 41. Qe7+ 1-0

[Event "C.to Mondiale U20"]
[Site "Cochin IND"]
[Date "2004.11.27"]
[Round "11"]
[White "Buchicchio, Giampaolo"]
[Black "Karthikeyan, P."]
[Result "1-0"]
[WhiteElo "2315"]
[BlackElo "2131"]
[PlyCount "119"]
[EventDate "2004.11.20"]

1. e4 e5 2. Nf3 d6 3. d4 Nf6 4. dxe5 Nxe4 5. Qd5 Nc5 6. Bg5 Qd7 7. exd6 Bxd6 8.
Nc3 O-O 9. O-O-O Nc6 10. Nb5 Qf5 11. Bc4 Qg6 12. Nxd6 cxd6 13. Qd2 Be6 14. Bxe6
Nxe6 15. Qxd6 Rac8 16. Kb1 h6 17. Be3 Qxg2 18. Qg3 Qxg3 19. hxg3 Rfd8 20. a3 b6
21. b4 b5 22. Kb2 Kf8 23. c3 Ke7 24. Kb3 f5 25. a4 a6 26. Rxd8 Rxd8 27. Ra1 g5
28. axb5 axb5 29. Rh1 f4 30. gxf4 gxf4 31. Bc1 Rd3 32. Ne1 Rd5 33. Ng2 h5 34.
Nxf4 Nxf4 35. Bxf4 Rf5 36. Bg3 Kf6 37. f4 Rd5 38. Bh4+ Kf5 39. Bg5 Kg6 40. Re1
Nd8 41. Bxd8 Rxd8 42. Re5 Rb8 43. Rg5+ Kh6 44. Kc2 h4 45. Kd3 Rh8 46. Ke3 Rc8
47. Rc5 Rd8 48. Rxb5 h3 49. Ra5 Rd1 50. Ra2 Kh5 51. b5 Kg4 52. c4 Re1+ 53. Kd4
Kxf4 54. b6 Kg3 55. c5 h2 56. Rxh2 Kxh2 57. c6 Rb1 58. Kc5 Kg3 59. c7 Kf4 60.
Kc6 1-0

[Event "C.to Mondiale U20"]
[Site "Cochin IND"]
[Date "2004.11.27"]
[Round "11"]
[White "Tomba, Ivan"]
[Black "Arun, Karthik R."]
[Result "0-1"]
[WhiteElo "2235"]
[BlackElo "2152"]
[PlyCount "116"]
[EventDate "2004.11.20"]

1. e4 e5 2. Nf3 Nc6 3. d4 exd4 4. Nxd4 Qf6 5. Nxc6 Bc5 6. Qd2 dxc6 7. Nc3 Ne7
8. Qf4 Bd4 9. Qxf6 Bxf6 10. Bf4 Bxc3+ 11. bxc3 f5 12. exf5 Bxf5 13. O-O-O Nd5
14. Re1+ Kd7 15. Rd1 Ke7 16. Be5 Kf7 17. Bc4 Be6 18. f4 Rhf8 19. Rhe1 Rad8 20.
Bd3 g6 21. g3 Rd7 22. Kb2 Nb6 23. Bd4 c5 24. Be5 Rfd8 25. Rc1 c6 26. Re2 c4 27.
Be4 Rd2 28. Rce1 Rxe2 29. Rxe2 Rd1 30. a3 Bd5 31. Bg2 Bxg2 32. Rxg2 Re1 33. Bd4
c5 34. Be5 Nd5 35. Rd2 Ke6 36. a4 b6 37. Rf2 a6 38. Bg7 b5 39. axb5 axb5 40. g4
Ne3 41. Rd2 Nxg4 42. Bf8 Ne3 43. Bxc5 Nd1+ 44. Ka3 Nxc3 45. Rd6+ Kf5 46. Rd7
Ne4 47. Rf7+ Kg4 48. Bd4 Re2 49. c3 Rxh2 50. Re7 Kf3 51. Be5 Rh1 52. Kb4 Rb1+
53. Ka5 h5 54. Rg7 Rg1 55. Kxb5 Nd2 56. Kc5 Rg5 57. Re7 Ke4 58. Rf7 Nf3 0-1

[Event "C.to Mondiale U20"]
[Site "Cochin IND"]
[Date "2004.11.29"]
[Round "12"]
[White "Mishra, Soumyaranjan"]
[Black "Tomba, Ivan"]
[Result "0-1"]
[WhiteElo "2299"]
[BlackElo "2235"]
[PlyCount "100"]
[EventDate "2004.11.20"]

1. e4 c5 2. Nf3 d6 3. c3 Nf6 4. h3 Nbd7 5. Bd3 b6 6. O-O Bb7 7. Re1 e5 8. Bc2
Be7 9. d4 O-O 10. Nbd2 cxd4 11. cxd4 Rc8 12. Nf1 Qc7 13. Bb1 Rfe8 14. Ng3 Bf8
15. a3 exd4 16. Nxd4 d5 17. exd5 Rxe1+ 18. Qxe1 Qc4 19. Be3 Qxd5 20. Qf1 Bc5
21. Ba2 Qe5 22. Rd1 a5 23. Qd3 g6 24. Bc4 Qe7 25. Qe2 Ne5 26. Ba6 Bxa6 27. Qxa6
Rd8 28. Nge2 Nd5 29. Bc1 Nc7 30. Qb7 Ne6 31. Qxe7 Bxe7 32. Be3 Bc5 33. Rd2 Nxd4
34. Nxd4 Nc4 35. Rc2 Nxa3 36. bxa3 Bxd4 37. Bxd4 Rxd4 38. Rc6 Rd1+ 39. Kh2 Rb1
40. Rc7 a4 41. Rb7 Rb3 42. f3 Kg7 43. Kg3 Rb2 44. Ra7 b5 45. Ra6 g5 46. Rb6 f6
47. h4 gxh4+ 48. Kxh4 Rxg2 49. Rxb5 Ra2 50. Rc5 Rxa3 0-1

[Event "C.to Mondiale U20"]
[Site "Cochin IND"]
[Date "2004.11.29"]
[Round "12"]
[White "Rohit, Goginenni"]
[Black "Buchicchio, Giampaolo"]
[Result "1-0"]
[WhiteElo "2281"]
[BlackElo "2315"]
[PlyCount "111"]
[EventDate "2004.11.20"]

1. e4 c5 2. Nf3 Nc6 3. Bb5 g6 4. Bxc6 dxc6 5. d3 Bg7 6. h3 Nf6 7. Nc3 O-O 8.
Be3 b6 9. Qd2 e5 10. Bh6 Qd6 11. O-O Nh5 12. Ne2 f6 13. Nh2 a5 14. Bxg7 Kxg7
15. Rad1 a4 16. a3 Be6 17. Nf3 Kg8 18. Qe3 Rae8 19. c3 Bb3 20. Rde1 Nf4 21.
Nxf4 exf4 22. Qd2 Rf7 23. Rc1 Rd7 24. Rfe1 Rde7 25. c4 b5 26. cxb5 cxb5 27. Qc3
Rd7 28. Qxc5 Qxc5 29. Rxc5 Rxd3 30. Rxb5 Bd1 31. Rd5 Rd8 32. Rxd8+ Rxd8 33. e5
Kf7 34. Re4 fxe5 35. Nxe5+ Ke6 36. Nd3+ Kd5 37. Rxf4 Be2 38. Nb4+ Kc5 39. Na2
g5 40. Rxa4 Bb5 41. Rg4 h6 42. Nc3 Bc6 43. b4+ Kb6 44. a4 Rd3 45. Rc4 Bb7 46.
a5+ Ka6 47. Rc7 Ba8 48. b5+ Kxa5 49. Ra7+ Kb6 50. Rxa8 Rxc3 51. Ra6+ Kxb5 52.
Rxh6 Rc5 53. h4 gxh4 54. Rxh4 Kc6 55. Re4 Kd5 56. Re8 1-0

[Event "IX Weekend A"]
[Site "Gorgonzola ITA"]
[Date "2004.11.13"]
[Round "1"]
[White "Astengo, Corrado"]
[Black "Dallaglio, Giovanni"]
[Result "1-0"]
[WhiteElo "2134"]
[BlackElo "2051"]
[PlyCount "65"]
[EventDate "2004.11.13"]

1.e4 c6 2.d4 d5 3.Nd2 dxe4 4.Nxe4 Nd7 5.Bc4 Ngf6 6.Ng5 e6 7.Qe2 Nb6 8.Bb3 
h6 9.N5f3 c5 10.dxc5 Nbd7 11.c6 bxc6 12.Nd4 Bb7 13.Ngf3 Bd6 14.O-O Qe7 15.
Re1 O-O 16.Nf5 exf5 17.Qxe7 Bxe7 18.Rxe7 Rae8 19.Rxe8 Rxe8 20.Be3 c5 21.
Rd1 Bc6 22.Rd6 Rc8 23.Nh4 Kf8 24.Nxf5 Ng4 25.h3 Nxe3 26.Nxe3 g6 27.Nc4 Ke7
28.Rd1 Rc7 29.Re1+ Kf6 30.Nd6 Nb6 31.c3 Ba4 32.Bxa4 Nxa4 33.Ne8+ 1-0

[Event "IX Weekend A"]
[Site "Gorgonzola ITA"]
[Date "2004.11.13"]
[Round "1"]
[White "Astengo, Marcello"]
[Black "Berni, Fabrizio"]
[Result "0-1"]
[WhiteElo "2032"]
[BlackElo "2134"]
[PlyCount "58"]
[EventDate "2004.11.13"]

1.d4 Nf6 2.c4 g6 3.Nc3 Bg7 4.e4 d6 5.f3 O-O 6.Be3 Nc6 7.Nge2 Rb8 8.Qd2 Re8
9.Rd1 a6 10.Nf4 Bd7 11.Be2 e5 12.dxe5 dxe5 13.Nfd5 Nd4 14.c5 Be6 15.Nb4 
Qe7 16.Nd3 Red8 17.b3 Nd7 18.Na4 b5 19.cxb6 cxb6 20.Bxd4 exd4 21.Nb4 d3 
22.Nc6 Qh4+ 23.g3 Qh5 24.Bf1 Ne5 25.Nxe5 Qxe5 26.Qe3 b5 27.Nc5 Qc3+ 28.Rd2
Bd4 29.Qxd3 Qxc5 0-1

[Event "IX Weekend A"]
[Site "Gorgonzola ITA"]
[Date "2004.11.13"]
[Round "1"]
[White "Barberi, Alessandro"]
[Black "Cazzaniga, Walter"]
[Result "0-1"]
[WhiteElo "2161"]
[BlackElo "2077"]
[PlyCount "56"]
[EventDate "2004.11.13"]

1.d4 Nf6 2.Nf3 g6 3.g3 Bg7 4.Bg2 O-O 5.O-O c6 6.Nbd2 d6 7.b3 a5 8.Bb2 a4 
9.c4 Nbd7 10.b4 a3 11.Bc3 d5 12.c5 Re8 13.Rb1 e5 14.Nxe5 Nxe5 15.dxe5 Ng4 
16.e4 d4 17.Ba1 Nxe5 18.Nb3 d3 19.Nd4 Nc4 20.Qxd3 Nb2 21.Bxb2 axb2 22.Rfd1
Rxa2 23.Qb3 Ra1 24.Nxc6 bxc6 25.Rxd8 Rxb1+ 26.Rd1 Rxd1+ 27.Qxd1 Ba6 28.e5 
Ra8 0-1

[Event "IX Weekend A"]
[Site "Gorgonzola ITA"]
[Date "2004.11.13"]
[Round "1"]
[White "Bemporad, Filippo"]
[Black "Pepe, Mario"]
[Result "0-1"]
[WhiteElo "2072"]
[BlackElo "2151"]
[PlyCount "100"]
[EventDate "2004.11.13"]

1.d4 Nf6 2.Nf3 d5 3.g3 g6 4.Bg2 Bg7 5.O-O O-O 6.b3 c6 7.Bb2 Na6 8.Nbd2 Nc7
9.c4 Nd7 10.e4 dxe4 11.Nxe4 Nf6 12.Nc5 Ne6 13.Nd3 Nd7 14.Qe2 Nc7 15.Rad1 
e6 16.Rfe1 a5 17.a4 Re8 18.Nde5 Qe7 19.Qd2 Nxe5 20.Nxe5 f6 21.Nd3 Bd7 22.
Nc5 b6 23.Nxe6 Nxe6 24.d5 cxd5 25.cxd5 Rad8 26.Qe3 Rb8 27.dxe6 Bxe6 28.
Qxe6+ Qxe6 29.Rxe6 Rxe6 30.Bd5 Re8 31.Re1 Kf7 32.Bd4 Bf8 33.Bxb6 Bb4 34.
Rxe6 Rxe6 35.Kf1 Ke7 36.Bxe6 Kxe6 37.Ke2 Kd5 38.Kd3 h5 39.f3 f5 40.Bd4 Bd6
41.Bb6 Bb4 42.Ke3 Bc3 43.Kf4 Bd2+ 44.Be3 g5+ 45.Kxg5 Bxe3+ 46.Kxf5 Kd4 47.
g4 hxg4 48.fxg4 Kc3 49.h4 Kxb3 50.Ke4 Bc1 0-1

[Event "IX Weekend A"]
[Site "Gorgonzola ITA"]
[Date "2004.11.13"]
[Round "1"]
[White "D'Apa, Matteo"]
[Black "Pace, Pietro Dario"]
[Result "0-1"]
[WhiteElo "1973"]
[BlackElo "2130"]
[PlyCount "70"]
[EventDate "2004.11.13"]

1.d4 d5 2.c4 c6 3.Nc3 Nf6 4.Nf3 a6 5.Bg5 dxc4 6.a4 Nd5 7.e4 Nxc3 8.bxc3 b5
9.Be2 Bb7 10.O-O Nd7 11.e5 Nb6 12.e6 f6 13.Nh4 Qd6 14.Nf5 Qd5 15.Bg4 fxg5 
16.Re1 g6 17.Re5 Qd8 18.Qf3 Qc7 19.Ng7+ Bxg7 20.Qf7+ Kd8 21.Qxg7 Re8 22.
Qxh7 Nxa4 23.Qxg6 Qd6 24.Rxg5 Kc7 25.h4 Nxc3 26.h5 Qxd4 27.Re1 b4 28.h6 b3
29.Qg7 Qxg7 30.hxg7 b2 31.Bf5 Nd5 32.Rg4 c3 33.Rc4 a5 34.Be4 Ba6 35.Rc5 
Kb6 0-1

[Event "IX Weekend A"]
[Site "Gorgonzola ITA"]
[Date "2004.11.13"]
[Round "1"]
[White "Manzoni, Alessandro"]
[Black "Facchetti, Gianni"]
[Result "1/2-1/2"]
[WhiteElo "2100"]
[BlackElo "2203"]
[PlyCount "129"]
[EventDate "2004.11.13"]

1.e4 e5 2.Nc3 d6 3.g3 g6 4.Bg2 Bg7 5.Nge2 Ne7 6.d3 O-O 7.O-O c6 8.h3 Be6 
9.d4 f6 10.Be3 Nd7 11.d5 cxd5 12.exd5 Bf7 13.f4 Nb6 14.Rb1 Nc4 15.Bf2 a6 
16.a4 Rc8 17.b3 Nb6 18.a5 Nd7 19.b4 Qc7 20.Qd3 f5 21.Qd2 exf4 22.Bd4 Bxd4+
23.Qxd4 fxg3 24.Qh4 Ne5 25.Nf4 Qxc3 26.Qxe7 Qc7 27.Qh4 Qd7 28.Qxg3 Rxc2 
29.Rbd1 Rfc8 30.Ne6 Qe7 31.Qe3 Kh8 32.Nd4 R2c3 33.Qh6 Qf8 34.Qg5 Qd8 35.
Qh6 Qf6 36.Rxf5 Qg7 37.Qxg7+ Kxg7 38.Rf2 Kg8 39.b5 Rc1 40.Rff1 Rxd1 41.
Rxd1 Rc5 42.bxa6 bxa6 43.Nc6 Nc4 44.Rc1 Be8 45.Bf1 Ne3 46.Rxc5 dxc5 47.
Bxa6 Nxd5 48.Nd8 Nc7 49.Bc4+ Kf8 50.a6 Ke7 51.Nb7 Kd7 52.Nxc5+ Kc6 53.Ne4 
Bd7 54.Nf6 h5 55.Kg2 Bf5 56.Kg3 Kb6 57.h4 Nxa6 58.Bxa6 Kxa6 59.Kf4 Kb7 60.
Nxh5 Kc7 61.Kg5 Kd6 62.Nf4 Ke7 63.Nxg6+ Bxg6 64.Kxg6 Kf8 65.Kh7 1/2-1/2

[Event "IX Weekend A"]
[Site "Gorgonzola ITA"]
[Date "2004.11.13"]
[Round "1"]
[White "Massironi, Marco"]
[Black "Vancini, Edoardo"]
[Result "0-1"]
[WhiteElo "2108"]
[BlackElo "2288"]
[PlyCount "42"]
[EventDate "2004.11.13"]

1.e4 c5 2.Nf3 e6 3.d4 cxd4 4.Nxd4 Nc6 5.c4 Nf6 6.Nc3 Bb4 7.f3 d5 8.cxd5 
exd5 9.Nxc6 bxc6 10.Qa4 Qb6 11.Bd2 dxe4 12.fxe4 O-O 13.Bd3 Ng4 14.Rf1 Nxh2
15.Rh1 Ng4 16.e5 h6 17.Qc2 Qf2+ 18.Kd1 Qxg2 19.Bh7+ Kh8 20.Re1 Rd8 21.Kc1 
Qxd2+ 0-1

[Event "IX Weekend A"]
[Site "Gorgonzola ITA"]
[Date "2004.11.13"]
[Round "1"]
[White "Montani, Francesco"]
[Black "Bonade', Massimo"]
[Result "1-0"]
[WhiteElo "2201"]
[BlackElo "2093"]
[PlyCount "73"]
[EventDate "2004.11.13"]

1.e4 c5 2.Nf3 d6 3.Bb5+ Bd7 4.Bxd7+ Qxd7 5.c4 Nc6 6.O-O Nf6 7.Nc3 g6 8.d4 
Nxd4 9.Nxd4 cxd4 10.Qxd4 Bg7 11.Bg5 O-O 12.Qd2 Rfc8 13.Qe2 Qg4 14.Qxg4 
Nxg4 15.Nd5 Rxc4 16.Bxe7 Bxb2 17.Rab1 Bd4 18.h3 Nxf2 19.Rxf2 Rc2 20.Bh4 b6
21.Kf1 Bxf2 22.Bxf2 Rxa2 23.Rc1 Ra4 24.Rc6 b5 25.Rxd6 b4 26.Rd7 Ra1+ 27.
Ke2 Ra2+ 28.Kf3 a5 29.Bd4 Rc2 30.e5 b3 31.e6 fxe6 32.Nf6+ Kf8 33.Be5 Rc6 
34.Bf4 Rc3+ 35.Kf2 Rc2+ 36.Kg3 Rc3+ 37.Kh2 1-0

[Event "IX Weekend A"]
[Site "Gorgonzola ITA"]
[Date "2004.11.13"]
[Round "1"]
[White "Piantoni, Roberto"]
[Black "Rossi, Giampiero"]
[Result "1-0"]
[WhiteElo "2133"]
[BlackElo "2022"]
[PlyCount "75"]
[EventDate "2004.11.13"]

1.Nf3 d5 2.c4 e6 3.e3 Nf6 4.b3 c6 5.Be2 Nbd7 6.O-O Be7 7.Bb2 O-O 8.d4 b6 
9.Nbd2 Bb7 10.Qc2 Rc8 11.Rac1 Qc7 12.Ne5 Nxe5 13.dxe5 Nd7 14.cxd5 exd5 15.
Bd3 g6 16.f4 Nc5 17.f5 Nxd3 18.Qxd3 Bc5 19.e6 Qe7 20.fxg6 fxg6 21.b4 Ba6 
22.Rxf8+ Rxf8 23.Qc3 d4 24.exd4 Bxb4 25.Qc2 Bxd2 26.Qxd2 Qxe6 27.h3 Re8 
28.Qc2 Qe3+ 29.Kh1 Qe4 30.Qc3 Qd3 31.Qxc6 Qe4 32.d5 Rc8 33.Qf6 Rxc1+ 34.
Kh2 Rc7 35.Qh8+ Kf7 36.Qxh7+ Ke8 37.Qxc7 Bf1 38.Qc6+ 1-0

[Event "IX Weekend A"]
[Site "Gorgonzola ITA"]
[Date "2004.11.13"]
[Round "1"]
[White "Radice, Luca"]
[Black "Salami, Marco"]
[Result "1/2-1/2"]
[WhiteElo "2082"]
[BlackElo "2170"]
[PlyCount "81"]
[EventDate "2004.11.13"]

1.d4 f5 2.h3 Nf6 3.g4 d5 4.Bf4 c6 5.Nc3 Qb6 6.Na4 Qa5+ 7.c3 fxg4 8.hxg4 
Bxg4 9.b4 Qd8 10.Nc5 Qc8 11.f3 Bf5 12.Bh3 e5 13.Bxe5 Bxh3 14.Nxh3 Nbd7 15.
Bg3 Nxc5 16.dxc5 Qf5 17.Qd4 Be7 18.Qe3 Kd7 19.Qe5 Qxe5 20.Bxe5 b6 21.cxb6 
axb6 22.a4 Ke6 23.Bc7 Nd7 24.Nf4+ Kf7 25.Nd3 Ra7 26.Ne5+ Nxe5 27.Bxe5 h6 
28.Rg1 Bf6 29.Bxf6 Kxf6 30.Rd1 Rd8 31.b5 cxb5 32.axb5 Rc7 33.Rd3 Rc5 34.e4
Re8 35.Kd2 dxe4 36.Rd6+ Ke5 37.Rxb6 Rd8+ 38.Kc2 exf3 39.Rxg7 f2 40.Rf7 
Rdc8 41.Rxf2 1/2-1/2

[Event "IX Weekend A"]
[Site "Gorgonzola ITA"]
[Date "2004.11.13"]
[Round "1"]
[White "Ranola, Yves"]
[Black "Gabetto, Flaviano"]
[Result "1-0"]
[WhiteElo "2449"]
[BlackElo "2128"]
[PlyCount "61"]
[EventDate "2004.11.13"]

1.c4 e5 2.g3 Nc6 3.Bg2 d6 4.Nc3 g6 5.e4 Bg7 6.Nge2 Nge7 7.d3 Be6 8.Nd5 h6 
9.Be3 Nd4 10.O-O O-O 11.f4 f5 12.fxe5 dxe5 13.Bxd4 exd4 14.Nef4 Bxd5 15.
exd5 Qd7 16.Qb3 Kh7 17.Rae1 Ng8 18.Qxb7 Rfb8 19.Qa6 Rb6 20.Qa3 Rab8 21.Re2
Bf8 22.c5 Qb5 23.Ne6 Ra6 24.Qb3 Qxb3 25.axb3 Rxe6 26.Rxe6 Bxc5 27.g4 Rxb3 
28.gxf5 gxf5 29.Rxf5 Rxd3 30.Be4 Rd1+ 31.Rf1+ 1-0